भारत के राष्ट्पति / (Record no. 14334)

MARC details
000 -LEADER
fixed length control field 01396nam a22002537a 4500
005 - DATE AND TIME OF LATEST TRANSACTION
control field 20090911100126.0
008 - FIXED-LENGTH DATA ELEMENTS--GENERAL INFORMATION
fixed length control field 080709t xxu||||| |||| 00| 0chin d
010 ## - LCCN (DPL NO)
LC control number hn-56144
020 ## - INTERNATIONAL STANDARD BOOK NUMBER
Terms of availability 150.00
International Standard Book Number 8189155156
035 ## - SYSTEM CONTROL NUMBER
System control number hn-56144
037 ## - SOURCE OF ACQUISITION
Source of stock number/acquisition DBAD / pub
040 ## - CATALOGING SOURCE
Original cataloging agency DPL
Language of cataloging HN
082 ## - DEWEY DECIMAL CLASSIFICATION NUMBER
Classification number 920
245 ## - TITLE STATEMENT
Title भारत के राष्ट्पति /
Statement of responsibility, etc भूपेन्द्र कुमार तिवारी द्वारा संपादित
246 ## - VARYING FORM OF TITLE
Title proper/short title Bharat ke rshtrapati
Remainder of title edited by Bhupendra Kumar Tiwari
260 ## - PUBLICATION, DISTRIBUTION, ETC. (IMPRINT)
Place of publication, distribution, etc दिल्ली
Name of publisher, distributor, etc बाल शिक्षा पुस्तक संस्थान
Date of publication, distribution, etc 2008
270 ## - ADDRESS
Address 821/बी, गुरू रामदास नगर एक्सटेंशन गुरूद्वारा रोड, लक्ष्मी नगर
City दिल्ली
Postal code 110092
300 ## - PHYSICAL DESCRIPTION
Extent 104पृ
Dimensions 22सेमी(सजिल्द)
Other physical details सचित्र
650 ## - SUBJECT ADDED ENTRY--TOPICAL TERM
Topical term or geographic name as entry element Presidents
General subdivision Biography
Chronological subdivision India
650 ## - SUBJECT ADDED ENTRY--TOPICAL TERM
Topical term or geographic name as entry element राष्ट्रपति
General subdivision जीवनी
Chronological subdivision भारत
700 ## - ADDED ENTRY--PERSONAL NAME
Personal name तिवारी, भूपेन्द्र कुमार
942 ## - ADDED ENTRY ELEMENTS (KOHA)
Source of classification or shelving scheme Dewey Decimal Classification
Item type Children Books
Classification part 920
Call number suffix भारत
Holdings
Withdrawn status Lost status Source of classification or shelving scheme Damaged status Not for loan Collection code Home library Current library Date acquired Source of acquisition Cost, normal purchase price Total Checkouts Full call number Barcode Date last seen Copy number Cost, replacement price Koha item type
    Dewey Decimal Classification   Not For Loan Non-fiction D.B.Act.Division D.B.Act.Division 09/07/2008 पु.प्र.अ.प्र /प्रका 150.00   920 भारत HN-56144 15/09/2008 1 150.00 Hindi Books

© Delhi Public Library
Hit Counter
free hit counter